Statistics for World Capitals Closest to Bratislava - One Minute Sprint

Click here to take the quiz!

General Stats

  • This quiz has been taken 25 times
  • The average score is 13 of 20

Answer Stats

kmcapitalmiles% Correct
288Prague179
100%
56Vienna35
100%
162Budapest101
92%
534Warsaw332
92%
553Berlin344
88%
737Bern458
75%
273Zagreb170
75%
806Bucharest501
71%
305Ljubljana190
71%
488Sarajevo303
71%
453Belgrade282
63%
784Rome487
63%
777Sofia483
50%
580Vaduz360
50%
591San Marino367
46%
658Podgorica409
42%
764Skopje475
42%
785Vatican City488
38%
688Pristina428
29%
789Tirana490
29%

Score Distribution

Percentile by Number Answered

Percent of People with Each Score

Your Score History

You have not taken this quiz